000
00281nam a2200109 4500
999
_c
10029
_d
10029
008
180726b ||||| |||| 00| 0 eng d
245
_a
Vaccines for adults.
260
_a
Philippines
_b
Manila Bulletin
_c
c2016
300
_a
page C-2.
650
0
_9
29631
_a
Vaccines.
942
_2
ddc
_c
PER